000 00343nam a22001457a 4500
008 230831b ||||| |||| 00| 0 eng d
020 _a943030139
041 _aeng
080 _2VOLUME 50
_a101
082 _a101QUI
100 _a43
101 _aFILO
245 _aANNUAL REVIEW OF NUCLEARAND PARTICLE SCIENCE
_cQUIGG.CH
942 _2udc
_cBK
999 _c60208
_d60208